| 000 | 00479nam a2200205Ia 4500 | ||
|---|---|---|---|
| 003 | OSt | ||
| 005 | 20221201154544.0 | ||
| 008 | 210423s1991 xx 000 0 und d | ||
| 020 | _a803983743 | ||
| 040 | _cAL | ||
| 041 | _aeng | ||
| 082 | _a302.23 SCAP | ||
| 100 |
_aSCANNELL (Paddy),Ed. _964518 |
||
| 245 | _aBroadcast talk. | ||
| 260 |
_aNew Delhi _bSage Publications _c1991 |
||
| 300 |
_ax,231 _bHB |
||
| 365 | _cINR | ||
| 906 | _aBroadcast ; talk. | ||
| 942 |
_2ddc _cBK |
||
| 999 |
_c156185 _d156185 |
||